Welthauptstädte in der Nähe von Honolulu - Statistiken

Allgemein
  • Dieses Quiz wurde 82 mal gespielt
  • Das Durchschnittsergebnis liegt bei 7 aus 20
Antwortstatistiken
km Hauptstadt % Korrekt
6206 Tokio
92%
6096 Mexiko-Stadt
68%
7316 Seoul
65%
7391 Pjöngjang
49%
7284 San Salvador
48%
7216 Belmopan
42%
7118 Guatemala-Stadt
40%
5098 Suva
38%
6915 Port Moresby
35%
7477 Tegucigalpa
31%
4200 Apia
28%
4161 Funafuti
28%
3860 South Tarawa
25%
5744 Honiara
22%
3666 Majuro
20%
5089 Nukuʻalofa
20%
5702 Port Vila
18%
4537 Yaren
18%
4991 Palikir
15%
7390 Ngerulmud
14%
Keine übereinstimmenden Quizze gefunden
Verteilung der Resultate
Anzahl Personen mit jedem Resultat
Perzentil nach korrekt beantworteten Fragen
Ihre Resultats-Entwicklung
Sie haben dieses Quiz noch nicht gespielt